Subdivisions of the Spanish Empire in 1572 with a Map - Statistics

General Stats
  • This quiz has been taken 4,474 times
    4,413 since last reset
  • The average score is 26 of 61
Answers on the Map
Answers color-coded by a green-red scale on the quiz's map according to % correct below.
 
Answer Stats
Provinces % Correct
Sicily
93%
Sardinia
91%
Catalonia
90%
Naples
90%
Aragon
85%
Madrid
84%
Valencia
82%
Holland
77%
Peru
77%
Granada
76%
Flanders
74%
León
74%
Navarre
72%
New Spain
72%
Seville
69%
Luxembourg
68%
Canary Islands
67%
Milan
67%
Burgundy
62%
Murcia
61%
Frisia
59%
Zeeland
57%
Majorca
55%
Melilla
54%
Toledo
54%
Utrecht
52%
Brabant
51%
Córdoba
51%
Order of St. John
35%
Neo-Inca State
34%
Groningen
33%
Oran
33%
Limburg
32%
Salamanca
31%
Valladolid
31%
Burgos
29%
Hainaut
27%
Jaén
26%
Guelders
25%
Namur
22%
Segovia
20%
Biscay
19%
Overijssel
19%
Artois
18%
Ávila
18%
Cuenca
18%
Drenthe
18%
Guadalajara
17%
Zamora
17%
Soria
16%
Álava
15%
Guipúzcoa
14%
Cambrai
12%
Bizerte
8%
Toro
8%
Charolais
5%
Mazalquivir
4%
Badis
3%
La Goletta
3%
Lingen
3%
Valkenburg
2%
No matching quizzes found
Score Distribution
Percent of People with Each Score
Percentile by Number Answered
Your Score History
You have not taken this quiz since the last reset